[Event "Lloyds Bank op"]
[Site "London"]
[Date "1985.??.??"]
[Round "?"]
[White "Chiburdanidze, Maia"]
[Black "Nunn, John DM"]
[Result "1/2-1/2"]
[WhiteElo "2450"]
[BlackElo "2600"]

1.e4 c5 2.Nf3 d6 3.d4 cxd4 4.Nxd4 Nf6 5.Nc3 a6 6.Bg5 e6 7.f4 Qb6 8.Nb3 Be7
9.Qf3 Nbd7 10.O-O-O Qc7 11.a4 h6 12.Bh4 g5 13.fxg5 Ne5 14.Qf2 Nfg4 15.Qg1 Bd7
16.h3 Ng6 17.Be1 Bxg5+ 18.Bd2 N4e5 19.Bxg5 hxg5 20.Qe3 f6 21.Qd4 Ke7 22.g3 Rab8
23.Qa7 Rbc8 24.Qf2 Rh7 25.Be2 Bxa4 26.Nd4 Qa5 27.Rhf1 Rf7 28.Qe1 Rxc3 29.Qxc3 Qxc3
30.bxc3 Rh7 31.Rh1 Nd7 32.Kd2 Nc5 33.Ke3 Be8 34.Rh2 Ne5 35.Nf3 Bc6 36.Nxe5 dxe5
37.Bd3 Kf7 38.Rf1 a5 39.h4 a4 40.Rhf2 gxh4 41.Rxf6+ Ke7 42.gxh4 a3 43.Rg6 Rxh4
44.Rg7+ Kd6 45.Rd1 Na4 46.Bb5+ Kc5 47.Bxc6 Nxc3 48.Ra1 Kxc6 49.Kd3 Nxe4 50.Rxa3 Rh3+
51.Kxe4 Rxa3 52.Kxe5 Rc3 53.Rg2 Re3+ 54.Kd4 Re1 55.c4 e5+ 56.Kd3 Rd1+ 57.Kc3 Rd7
58.Rg6+ Rd6 59.Rg8 Re6 60.Kd3 e4+ 61.Ke3 Kc5 62.Rg7 b6 63.Rc7+ Kd6 64.Rc8 Re5
65.Rd8+ Kc5 66.Rc8+ Kb4 67.Rc6 Ka5 68.Rh6 Rc5 69.Kd4 Rc8  1/2-1/2

[Event "OHRA-B"]
[Site "Amsterdam"]
[Date "1986.??.??"]
[Round "1"]
[White "Pieterse, Gert"]
[Black "Chiburdanidze, Maia"]
[Result "1/2-1/2"]
[WhiteElo "2265"]
[BlackElo "2435"]

1.d4 Nf6 2.c4 g6 3.Nc3 d5 4.cxd5 Nxd5 5.e4 Nxc3 6.bxc3 Bg7 7.Nf3 c5 8.Rb1 O-O
9.Be2 cxd4 10.cxd4 Qa5+ 11.Qd2 Qxd2+ 12.Bxd2 b6 13.d5 Na6 14.Be3 Bc3+ 15.Bd2 Bg7
16.Be3 Bc3+ 17.Bd2 Bxd2+ 18.Nxd2 Nc5 19.f3 e6 20.Bc4 exd5 21.Bxd5 Nd3+ 22.Ke2 Nf4+
23.Ke3 Nxd5+ 24.exd5 Re8+ 25.Kd4 Rd8 26.Nc4 Bb7 27.Ne3 Rd7 28.Rbd1 Rad8 29.Kc4 Rc8+
30.Kb4 Rc5 31.Rd3 Bxd5 32.Rhd1 a5+ 33.Ka3 Be6 34.Rxd7 Bxd7 35.Rxd7 Rc3+ 36.Ka4 Rxe3
37.Rd2 Re1 38.Rb2 h5 39.Kb5 Re6 40.Rc2 Kg7 41.a4 Rd6 42.h4 Rd4  1/2-1/2

[Event "OHRA-B"]
[Site "Amsterdam"]
[Date "1986.??.??"]
[Round "2"]
[White "Chiburdanidze, Maia"]
[Black "Meulders, Richard"]
[Result "1/2-1/2"]
[WhiteElo "2435"]
[BlackElo "2370"]

1.e4 c5 2.Nf3 Nc6 3.Bb5 d6 4.O-O Bd7 5.c3 Nf6 6.Qe2 a6 7.Ba4 e6 8.Rd1 Be7
9.Bc2 Rc8 10.d3 O-O 11.Nbd2 Qc7 12.Nf1 h6 13.h3 Rfe8 14.Bd2 Ne5 15.Rac1 Ng6
16.g3 e5 17.Kh2 d5 18.Ne3 Bc6 19.Nf5 Bf8 20.c4 dxc4 21.dxc4 Rcd8 22.Bc3 b6
23.Kg1 Qb8 24.Rb1 Qc7 25.Rxd8 Rxd8 26.Re1 b5 27.b3 b4 28.Bb2 a5 29.a4 Rd7
30.Qe3 Rd8 31.Re2 Rd7 32.Nh2 Qd8 33.Qf3 Rd2 34.Ng4 Nxg4 35.Qxg4 Rxe2 36.Qxe2 f6
37.Ne3 Bd7 38.Qd2 Qc8 39.h4 Ne7 40.Bd1 Be6  1/2-1/2

[Event "OHRA-B"]
[Site "Amsterdam"]
[Date "1986.??.??"]
[Round "4"]
[White "Chiburdanidze, Maia"]
[Black "Piket, Marcel"]
[Result "1/2-1/2"]
[WhiteElo "2435"]
[BlackElo "2375"]

1.e4 d6 2.d4 Nf6 3.Nc3 g6 4.h3 c6 5.a4 Bg7 6.Nf3 O-O 7.Be2 Nbd7 8.Be3 e5
9.dxe5 dxe5 10.Nd2 Qe7 11.Nb3 Ne8 12.Qd2 Nc7 13.h4 Ne6 14.h5 Rd8 15.hxg6 hxg6
16.O-O-O Nf6 17.Bc5 Qe8 18.Qe3 Rxd1+ 19.Bxd1 Nxc5 20.Nxc5 b6 21.Nd3 Ba6 22.Qg3 Nd7
23.Bg4 Nf8 24.Nb4 Bb7 25.Rd1 Rd8 26.Rxd8 Qxd8 27.Qe3 Qd4 28.Nd3 Nh7 29.a5 Bf6
30.Kd1 Bd8 31.axb6 axb6 32.Qg3 Bc7 33.Bf3 Ba6 34.Be2 Nf6 35.Qf3 Kg7 36.Kc1 Bc8
37.Qe3 c5 38.Nb5 Qxe3+ 39.fxe3 Bb8 40.Bf3 Bb7 41.Nc3 Bd6 42.Nb5 Bb8 43.Nc3 Bd6
44.Nb5  1/2-1/2

[Event "OHRA-B"]
[Site "Amsterdam"]
[Date "1986.??.??"]
[Round "5"]
[White "Blees, Albert"]
[Black "Chiburdanidze, Maia"]
[Result "1/2-1/2"]
[WhiteElo "2360"]
[BlackElo "2435"]

1.d4 Nf6 2.c4 g6 3.Nc3 d5 4.cxd5 Nxd5 5.e4 Nxc3 6.bxc3 Bg7 7.Bc4 O-O 8.Be3 c5
9.Ne2 Nc6 10.O-O Bg4 11.f3 Na5 12.Bd3 cxd4 13.cxd4 Be6 14.d5 Bxa1 15.Qxa1 f6
16.Rb1 Bd7 17.e5 Bf5 18.Bxf5 gxf5 19.exf6 Rxf6 20.Nf4 Rc8 21.Bd4 Rf7 22.Rb5 Qc7
23.Rc5 Qxf4 24.Rxc8+ Rf8 25.Qc3 Rxc8 26.Qxc8+ Kf7 27.Qe6+ Ke8 28.Be3 Qc4
29.Qxf5 Qxa2 30.h4 Nc4 31.Bd4 Nd6 32.Qxh7 Qxd5 33.Bxa7 Nf5 34.Qg6+ Kd7 35.h5 Qe5
36.Bf2 Qf4 37.Qg4 e5 38.g3 Qxg4 39.fxg4 Nd6 40.g5 Ke6 41.g6 Kf6 42.Bb6 Nc4
43.Bd8+ Kg7 44.g4 Ne3 45.Kf2 Nxg4+ 46.Kg3 Nf6 47.Kh4 b5 48.Kg5 Ne4+ 49.Kf5 Ng3+
50.Kg4 Ne4 51.Be7 Nf6+ 52.Kg5 Ne4+ 53.Kf5 Ng3+ 54.Kg4 Ne4 55.Ba3 Nf6+ 56.Kg5 Ne4+
57.Kf5 Ng3+ 58.Kg4 Ne4 59.Bb2 Kf6 60.Kf3 Nd2+ 61.Ke2 Nc4 62.Bc3 Kg7 63.Kd3 Kh6
64.Bb4 Kg7 65.Ke4 Kf6 66.Bc3 Nd6+ 67.Kd5 Ne8 68.Bxe5+ Kg5 69.Ke6  1/2-1/2

[Event "OHRA-B"]
[Site "Amsterdam"]
[Date "1986.??.??"]
[Round "6"]
[White "Chiburdanidze, Maia"]
[Black "Douven, Rudy C"]
[Result "1/2-1/2"]
[WhiteElo "2435"]
[BlackElo "2415"]

1.e4 c6 2.d4 d5 3.exd5 cxd5 4.c4 Nf6 5.Nc3 e6 6.Nf3 Bb4 7.Bd3 O-O 8.O-O dxc4
9.Bxc4 b6 10.Qe2 Bb7 11.Bg5 Bxc3 12.bxc3 Nbd7 13.Bd3 Qc7 14.Rac1 Rfe8 15.Rfe1 Rac8
16.c4 Qd6 17.Rcd1 h6 18.Bc1 Qc7 19.Ne5  1/2-1/2

[Event "OHRA-B"]
[Site "Amsterdam"]
[Date "1986.??.??"]
[Round "7"]
[White "Chiburdanidze, Maia"]
[Black "Hartoch, Robert G"]
[Result "1/2-1/2"]
[WhiteElo "2435"]
[BlackElo "2370"]

1.e4 e5 2.Nf3 Nf6 3.d4 exd4 4.e5 Ne4 5.Qxd4 d5 6.exd6 Nxd6 7.Nc3 Nc6 8.Qf4 g6
9.Bd2 Bg7 10.O-O-O O-O 11.Nb5 a6 12.Nbd4 Nxd4  1/2-1/2

[Event "Hastings8687"]
[Site "Hastings"]
[Date "1986.??.??"]
[Round "?"]
[White "Conquest, Stuart"]
[Black "Chiburdanidze, Maia"]
[Result "1/2-1/2"]
[WhiteElo "2430"]
[BlackElo "2435"]

1.d4 Nf6 2.c4 g6 3.Nc3 Bg7 4.e4 d6 5.Be2 O-O 6.Nf3 e5 7.O-O Nc6 8.d5 Ne7
9.Nd2 c6 10.b4 b5 11.dxc6 Nxc6 12.cxb5 Nd4 13.Nb3 Be6 14.Be3 Nxe2+ 15.Qxe2 Rc8
16.Rfc1 Bc4 17.Qd1 Qd7 18.a4 h5 19.f3 h4 20.Na5 h3 21.g3 Be6 22.Nc6 a6 23.Qd3 Kh7
24.Rd1 Ne8 25.Rac1 f5 26.Nd5 Bxd5 27.Qxd5 axb5 28.axb5 fxe4 29.Qxe4 Nf6 30.Qh4+ Kg8
31.Bc5 Rxc6 32.bxc6 Qxc6 33.Rxd6 Qxf3 34.Qxh3 Ne4 35.Rdd1 Nc3 36.Qg2 Nxd1
37.Qxf3 Rxf3 38.Rxd1 Rb3 39.Rd7 Bh6 40.Kg2 e4 41.Re7 e3 42.Kf3 Rb2 43.h4 Rf2+
44.Ke4 Rb2 45.Kd3 Rd2+ 46.Kc3 Rg2 47.Bxe3 Rxg3 48.Kd3 Rh3 49.b5 Bxe3 50.Rxe3 Rxh4
51.Re4 Rh1 52.Rb4 Kg7 53.b6 Rh8 54.Kd4 Kf6 55.Kd5 g5 56.Kd6 Kf5 57.b7 Rb8  1/2-1/2

[Event "Hastings8687"]
[Site "Hastings"]
[Date "1986.??.??"]
[Round "?"]
[White "Large, Peter G"]
[Black "Chiburdanidze, Maia"]
[Result "0-1"]
[WhiteElo "2370"]
[BlackElo "2435"]

1.e4 c5 2.Nf3 d6 3.d4 cxd4 4.Nxd4 Nf6 5.Nc3 g6 6.Be2 Bg7 7.Be3 O-O 8.O-O Nc6
9.Qd2 Nxd4 10.Bxd4 b6 11.f4 Bb7 12.f5 Rc8 13.Bd3 Qc7 14.Rae1 Ng4 15.Bxg7 Kxg7
16.Rf4 Ne5 17.Rh4 h5 18.Kh1 Qc5 19.Rf1 Ng4 20.Nd1 Qe5 21.Ne3 Nxe3 22.Qxe3 d5
23.c3 Rcd8 24.Rxh5 gxh5 25.Qg5+ Kh7 26.exd5 Qf6 27.Qxh5+ Kg8 28.Rf3 Rfe8
29.Rg3+ Kf8 30.Qg4 e5 31.fxe6 Rxd5 32.Qg8+ Ke7 33.exf7 Rf8 34.Re3+ Re5 35.Qg3 Rxe3
36.Qxe3+ Qe6 37.Qg5+ Qf6 38.Qe3+ Kd8 39.Bb5 Rxf7  0-1

[Event "Hastings8687"]
[Site "Hastings"]
[Date "1986.??.??"]
[Round "?"]
[White "Chiburdanidze, Maia"]
[Black "Petursson, Margeir"]
[Result "1/2-1/2"]
[WhiteElo "2435"]
[BlackElo "2510"]

1.e4 c5 2.Nf3 Nc6 3.Bb5 d6 4.O-O Bd7 5.c3 Nf6 6.Qe2 a6 7.Ba4 b5 8.Bb3 Bg4
9.a4 b4 10.h3 Bxf3 11.Qxf3 g6 12.a5 Nd7 13.Ba4 Qc8 14.d4 cxd4 15.cxb4 Bg7
16.Bf4 Ra7 17.Na3 O-O 18.Rfc1 Nce5 19.Qb3 Qb8 20.Bxe5 Nxe5 21.Nc4 Rb7 22.Nb6 g5
23.b5 axb5 24.Bxb5 e6 25.Ba6 Rc7 26.Rxc7 Qxc7 27.Bf1 Rb8 28.Qa4 d3 29.Rd1 Qc2
30.Bxd3 Qxa4 31.Nxa4 Nxd3 32.Rxd3 Rb4 33.Ra3 Rxe4 34.a6 Bd4 35.Nc3 Re1+ 36.Kh2 Bxf2
37.a7 Bxa7 38.Rxa7 d5 39.b4 d4 40.Nb5 e5 41.Nd6 d3 42.Nf5 h5 43.Rd7 e4 44.b5 Rb1
45.Ng3 f5 46.Nxf5 Rxb5 47.Ne3 Rb3 48.Kg3 Kf8 49.Nd1 Ra3 50.Rd8+ Kf7 51.Rd4 h4+
52.Kf2 Ra2+ 53.Kf1 Ra1 54.Ke1 Ra2 55.Rxe4 Rxg2 56.Kf1 Rg3 57.Re3 Rxe3 58.Nxe3 Kf6
59.Kg2 d2 60.Kf3 Kg6 61.Ke2 g4 62.Nxg4 Kf5 63.Ne3+ Ke4 64.Kf2 Kf4 65.Ng2+ Ke4
66.Ke2 d1=Q+ 67.Kxd1 Kf3  1/2-1/2

[Event "Hastings8687"]
[Site "Hastings"]
[Date "1986.??.??"]
[Round "?"]
[White "Chiburdanidze, Maia"]
[Black "Mestel, A Jonathan"]
[Result "1/2-1/2"]
[WhiteElo "2435"]
[BlackElo "2505"]

1.e4 c5 2.Nf3 d6 3.c3 Nf6 4.h3 Nc6 5.Bd3 e6 6.O-O Bd7 7.Re1 Rc8 8.Bf1 Be7
9.d3 O-O 10.Nbd2 b5 11.Rb1 Qb6 12.b4 cxb4 13.cxb4 Ne8 14.a3 Bf6 15.Nb3 e5
16.Be3 Nd4 17.Bxd4 exd4 18.e5 dxe5 19.Nxe5 Bxe5 20.Rxe5 Nf6 21.Nc5 Qd6 22.Qe2 Bc6
23.Re1 h6 24.g3 Nd7 25.Nxd7 Bxd7 26.Bg2 Rfe8 27.g4 Qf6 28.Qe4 Rxe5 29.Qxe5 Re8
30.Qxe8+ Bxe8 31.Rxe8+ Kh7 32.Rb8 a6 33.Be4+ g6 34.Rb7 Qe6 35.Rc7 Kg7 36.Kg2 Qe5
37.Rd7 Kf8 38.Rd8+ Ke7 39.Rd5 Qf6 40.Rc5 Kd7 41.Rc6 Qg5  1/2-1/2

[Event "Hastings8687"]
[Site "Hastings"]
[Date "1986.??.??"]
[Round "?"]
[White "Chiburdanidze, Maia"]
[Black "Larsen, Bent"]
[Result "0-1"]
[WhiteElo "2435"]
[BlackElo "2565"]

1.d4 Nf6 2.c4 e6 3.g3 Bb4+ 4.Bd2 Be7 5.Bg2 d5 6.Nf3 O-O 7.O-O Nc6 8.cxd5 exd5
9.Bg5 Ne4 10.Bxe7 Nxe7 11.Nbd2 Nd6 12.Ne5 c6 13.Qb3 Bf5 14.e3 Qa5 15.Rad1 Rad8
16.Rfe1 Ng6 17.h3 Rfe8 18.Nd3 Re7 19.Nc5 Rde8 20.Kh2 Nf8 21.Nf3 Be4 22.Rc1 Bxf3
23.Bxf3 Ne6 24.Red1 Nxc5 25.Rxc5 Qd8 26.Rc2 Re6 27.Kg2 a6 28.Be2 Rh6 29.Bd3 Qd7
30.Rh1 f5 31.h4 Ne4 32.Bxe4 fxe4 33.Rd2 Rf8 34.Qd1 Rf3 35.Kf1 Rhf6 36.Ke1 Qc7
37.Rg1 Qa5 38.Rg2 Qxa2 39.Qc2 Qa1+ 40.Rd1 Qa5+ 41.Qd2 Qb5 42.Rc1 Kf7 43.Ra1 h6
44.Rc1 Ke6 45.Qe2 Qb4+ 46.Kf1 Kd7 47.Rc3 Rf8 48.Qc2 Qb5+ 49.Kg1 Qa5 50.Qd1 Kc8
51.Qd2 Kb8 52.Qd1 Ka7 53.Ra3 Qb4 54.Rb3 Qe7 55.Rc3 Qd6 56.Rc2 Qb4 57.Qc1 R8f6
58.Rh2 g6 59.Kg2 Qd6 60.Qe1 Qe6 61.Kg1 h5 62.Qb4 Qd6 63.Qxd6 Rxd6 64.Kg2 Rdf6
65.Rh1 Kb6 66.Ra1 R3f5 67.Kf1 Rf8 68.Ke1 Kc7 69.Kf1 Ra8 70.Ke1 Kd7 71.Kf1 Ke6
72.Ke2 Raf8 73.Rf1 Kd6 74.Rc3 a5 75.Ra3 b6 76.Rb3 Kc7 77.Rc3 Kb7 78.Ke1 R5f6
79.Ke2 Ka6 80.Ke1 a4 81.f4 exf3 82.Kf2 Kb5 83.Rfc1 Rc8 84.Re1 c5 85.e4 dxe4
86.Rxe4 c4 87.d5 Rd6 88.Rd4 Rc5 89.Kxf3 Rdxd5 90.Rcxc4 Rf5+  0-1

[Event "Hastings8687"]
[Site "Hastings"]
[Date "1986.??.??"]
[Round "?"]
[White "Chiburdanidze, Maia"]
[Black "Kudrin, Sergey"]
[Result "1/2-1/2"]
[WhiteElo "2435"]
[BlackElo "2495"]

1.e4 c5 2.Nf3 e6 3.d4 cxd4 4.Nxd4 a6 5.c4 Qc7 6.Nc3 Nf6 7.a3 b6 8.Bd3 Bb7
9.Qe2 d6 10.f4 Be7 11.Bd2 O-O 12.Rc1 Re8 13.O-O Nbd7 14.Nf3 Bf8 15.b4 g6
16.Kh1 Bg7  1/2-1/2

[Event "Hastings8687"]
[Site "Hastings"]
[Date "1986.??.??"]
[Round "?"]
[White "Lputian, Smbat G"]
[Black "Chiburdanidze, Maia"]
[Result "1/2-1/2"]
[WhiteElo "2520"]
[BlackElo "2435"]

1.d4 Nf6 2.Nf3 g6 3.c4 Bg7 4.Nc3 O-O 5.e4 d6 6.Be2 e5 7.dxe5 dxe5 8.Qxd8 Rxd8
9.Bg5 Re8 10.Nd5 Nxd5 11.cxd5 c6 12.Bc4 cxd5 13.Bxd5 Nc6 14.O-O Nb4 15.Bc4 Bg4  1/2-1/2

[Event "Hastings8687"]
[Site "Hastings"]
[Date "1986.??.??"]
[Round "?"]
[White "Chiburdanidze, Maia"]
[Black "Hodgson, Julian M"]
[Result "1-0"]
[WhiteElo "2435"]
[BlackElo "2500"]

1.e4 c6 2.d4 d5 3.exd5 cxd5 4.c4 Nf6 5.Nc3 Nc6 6.Bg5 Be6 7.Bxf6 gxf6 8.c5 Bg7
9.Bb5 O-O 10.Nge2 Bg4 11.f3 Bf5 12.Qb3 e6 13.Rd1 Bg6 14.O-O Qa5 15.Nf4 a6
16.Bxc6 bxc6 17.Qb6 Qxb6 18.cxb6 Bc2 19.Rc1 Bf5 20.g4 Bh6 21.Nce2 Bg6 22.Rxc6 Rfb8
23.Kf2 f5 24.Nxg6 hxg6 25.gxf5 gxf5 26.f4 a5 27.Rfc1 Bf8 28.R1c5 Ra6 29.Rb5 Be7
30.Nc3 a4 31.b3 axb3 32.a4 Kf8 33.a5 b2 34.Ke2 Ke8 35.Kd3 Bd8 36.Kc2 Kd7
37.Rcc5 Be7 38.Rc7+ Ke8 39.Ra7 b1=Q+ 40.Rxb1  1-0

[Event "Hastings8687"]
[Site "Hastings"]
[Date "1986.??.??"]
[Round "?"]
[White "Chiburdanidze, Maia"]
[Black "Adorjan, Andras"]
[Result "1/2-1/2"]
[WhiteElo "2435"]
[BlackElo "2560"]

1.d4 Nf6 2.c4 e6 3.g3 Bb4+ 4.Bd2 Be7 5.Bg2 d5 6.Nf3 c6 7.Qc2 O-O 8.O-O b6
9.Bf4 Bb7 10.Nbd2 Na6 11.Ne5 c5 12.dxc5 Nxc5  1/2-1/2

[Event "Jajce (Women)"]
[Site "Jajce"]
[Date "1986.??.??"]
[Round "1"]
[White "Chiburdanidze, Maia"]
[Black "Nutu Gajic, Dana"]
[Result "1-0"]
[WhiteElo "2455"]
[BlackElo "2180"]

1.e4 c5 2.Nf3 d6 3.d4 Nf6 4.Nc3 cxd4 5.Nxd4 e6 6.g3 a6 7.Bg2 Qc7 8.O-O Be7
9.a4 Nc6 10.Be3 O-O 11.Qe2 Nxd4 12.Bxd4 e5 13.Be3 Be6 14.Rfc1 h6 15.a5 Rac8
16.Nd5 Nxd5 17.exd5 Bf5 18.c4 Bg5 19.b4 Bxe3 20.Qxe3 Qd7 21.c5 e4 22.Bxe4 Rfe8
23.c6 bxc6 24.dxc6 Qc7 25.Bxf5 Rxe3 26.Bxc8 Rb3 27.Bxa6 Rxb4 28.Bb7 Rxb7
29.cxb7 Qxb7 30.a6 Qa7 31.Rd1 h5 32.Rxd6 h4 33.Rd7 Qa8 34.a7  1-0

[Event "Jajce (Women)"]
[Site "Jajce"]
[Date "1986.??.??"]
[Round "2"]
[White "Chiburdanidze, Maia"]
[Black "Petrovic, Marija"]
[Result "1-0"]
[WhiteElo "2455"]
[BlackElo "2110"]

1.e4 g6 2.d4 Bg7 3.Nc3 c6 4.h3 d6 5.a4 a5 6.Nge2 Na6 7.Be3 Nb4 8.g3 Nf6 9.Bg2 O-O
10.O-O e5 11.Qd2 Be6 12.Rad1 Qc7 13.f4 Bc4 14.b3 Ba6 15.fxe5 dxe5 16.d5 cxd5
17.exd5 Bxe2 18.d6 Qd7 19.Nxe2 Ne8 20.Bc5 Nc6 21.Nc3 Ra6 22.Nd5 Nd4 23.Nb6 Rxb6
24.Bxb6 Qxd6 25.Qxa5 e4 26.Kh2 f5 27.Qc5 Qxc5 28.Bxc5 Nxc2 29.Rf2 Na1 30.Bxf8 Kxf8
31.Rb1 Be5 32.Bxe4 Nf6 33.Bf3 h5  1-0

[Event "Jajce (Women)"]
[Site "Jajce"]
[Date "1986.??.??"]
[Round "3"]
[White "Cejic, Dusica"]
[Black "Chiburdanidze, Maia"]
[Result "1/2-1/2"]
[WhiteElo "2050"]
[BlackElo "2455"]

1.Nf3 Nf6 2.c4 e6 3.g3 Be7 4.Bg2 O-O 5.O-O d5 6.d4 b6 7.Nc3 Bb7 8.Ne5 Na6
9.Qa4 c5 10.cxd5 Nxd5 11.Nxd5 exd5 12.Rd1 cxd4 13.Nf3 d3 14.exd3 Nc5 15.Qf4 Bf6
16.d4 Ne6 17.Qf5 Ba6 18.Be3 Rc8 19.Rac1 Qd6 20.Rxc8 Rxc8 21.h4 Qd8 22.Ng5  1/2-1/2

[Event "Jajce (Women)"]
[Site "Jajce"]
[Date "1986.??.??"]
[Round "4"]
[White "Chiburdanidze, Maia"]
[Black "Madl, Ildiko"]
[Result "1/2-1/2"]
[WhiteElo "2455"]
[BlackElo "2220"]

1.e4 c5 2.Nf3 d6 3.d4 cxd4 4.Nxd4 Nf6 5.Nc3 Nc6 6.Bg5 e6 7.Qd2 a6 8.O-O-O Bd7
9.Nxc6 Bxc6 10.Qe1 Qa5 11.f4 Be7 12.Bh4 Qc7 13.Bd3 O-O-O 14.Rf1 Ng4 15.Bxe7 Qxe7
16.Qg3 Nf6 17.e5 Nh5 18.Qh3 g6 19.g4 Ng7 20.Qh6 Ne8 21.Rde1 Qc7 22.h4 dxe5
23.fxe5 Rd4  1/2-1/2

[Event "Jajce (Women)"]
[Site "Jajce"]
[Date "1986.??.??"]
[Round "5"]
[White "Chiburdanidze, Maia"]
[Black "Nikolin, Zorica"]
[Result "1/2-1/2"]
[WhiteElo "2455"]
[BlackElo "2165"]

1.e4 e5 2.Nf3 Nc6 3.d4 exd4 4.Bc4 Nf6 5.e5 d5 6.Bb5 Ne4 7.Nxd4 Bd7 8.Bxc6 bxc6
9.O-O Be7 10.f3 Nc5 11.Nc3 O-O 12.Be3 f5 13.Nb3  1/2-1/2

[Event "Jajce (Women)"]
[Site "Jajce"]
[Date "1986.??.??"]
[Round "7"]
[White "Lematschko, Tatjana"]
[Black "Chiburdanidze, Maia"]
[Result "0-1"]
[WhiteElo "2230"]
[BlackElo "2455"]

1.Nf3 Nf6 2.c4 g6 3.Nc3 Bg7 4.g3 O-O 5.Bg2 d6 6.O-O c6 7.d4 Bf5 8.h3 Ne4
9.Nxe4 Bxe4 10.Be3 Nd7 11.Qd2 d5 12.cxd5 Bxd5 13.Qb4 Nb6 14.b3 a5 15.Qc5 a4
16.Qb4 Ra6 17.Rad1 Re8 18.Rfe1 Qd6 19.Qxd6 exd6 20.Rb1 Be4 21.Rb2 Nd5 22.bxa4 Nxe3
23.fxe3 Bh6 24.Rxb7 Bxe3+ 25.Kh2 c5 26.Rc7 Rxa4 27.dxc5 dxc5 28.Ra1 c4 29.h4 Bb6
30.Rxf7 Kxf7 31.Ng5+ Kg7 32.Nxe4 Bd4 33.Rc1 Re7 34.Bf3 h5 35.Nc3 Bxc3 36.Rxc3 Rc7
37.a3 Kf6 38.e3 Ke5 39.Bd1 Ra6 40.Bc2 Kd5 41.g4 Rh7 42.a4 Re7 43.gxh5 gxh5
44.Bd1 Rf6 45.Kh3 Rfe6 46.Bf3+ Kc5 47.e4 Rxe4 48.Bxe4 Rxe4 49.Rc1 Kb4 50.Ra1 Re5
51.Kg2 Rf5  0-1

[Event "Jajce (Women)"]
[Site "Jajce"]
[Date "1986.??.??"]
[Round "8"]
[White "Chiburdanidze, Maia"]
[Black "Akhmilovskaya, Elena"]
[Result "1/2-1/2"]
[WhiteElo "2455"]
[BlackElo "2290"]

1.e4 e5 2.Nf3 Nc6 3.Bb5 a6 4.Ba4 Nf6 5.O-O Be7 6.Re1 b5 7.Bb3 O-O 8.c3 d6
9.h3 Nb8 10.d4 Nbd7 11.Nbd2 Bb7 12.Bc2 Re8 13.Nf1 Bf8 14.Ng3 g6 15.a4 c5
16.d5 c4 17.Bg5 h6 18.Be3 Nc5 19.Qd2 h5 20.Bg5 Be7 21.Re2 Nh7 22.Be3 Bf6
23.Rf1 Bc8 24.Ne1 Ra7 25.Nf3 Rb7 26.Ra1 Qc7 27.axb5 Rxb5 28.Ba4 Nxa4 29.Rxa4 a5
30.Re1 Bd7 31.Rea1 Reb8 32.Qc1 Bd8 33.Nd2 Rxb2 34.Nxc4 Bxa4 35.Nxb2 Bd7 36.c4 h4
37.Nf1 f5 38.f3 Rb3 39.c5 dxc5 40.Qc4 Qb8 41.Nd3 Qb5 42.Qxb5 Rxb5 43.Nxc5 Nf6
44.Nxd7 Nxd7 45.Nd2 Bb6 46.Bxb6 Nxb6 47.Kf2 a4 48.Ke2 Kf7 49.Kd3 Ke7  1/2-1/2

[Event "Jajce (Women)"]
[Site "Jajce"]
[Date "1986.??.??"]
[Round "9"]
[White "Veroci, Zsuzsa"]
[Black "Chiburdanidze, Maia"]
[Result "1/2-1/2"]
[WhiteElo "2320"]
[BlackElo "2455"]

1.e4 c5 2.c3 d6 3.d4 Nd7 4.Nf3 e6 5.Bd3 Ne7 6.O-O Ng6 7.Be3 Be7 8.Re1 e5
9.Nbd2 O-O 10.Nf1 Nf6 11.Ng3 Ng4 12.dxc5 Nxe3 13.Rxe3 dxc5 14.Bc4 Qc7 15.Nf5 Rb8  1/2-1/2

[Event "Jajce (Women)"]
[Site "Jajce"]
[Date "1986.??.??"]
[Round "10"]
[White "Chiburdanidze, Maia"]
[Black "Petek Medic, Mirjana"]
[Result "1-0"]
[WhiteElo "2455"]
[BlackElo "2165"]

1.e4 e6 2.d4 d5 3.Nc3 Bb4 4.Qd3 dxe4 5.Qxe4 Nf6 6.Qh4 Nc6 7.Nf3 Nd5 8.Bg5 f6
9.Bd2 Qe7 10.Bd3 Bd7 11.a3 Bd6 12.Ne4 f5 13.Nxd6+ cxd6 14.Qxe7+ Ncxe7 15.c4 Nf6
16.Bb4 Ne4 17.Nd2 Nxd2 18.Kxd2 Nc6 19.Bxd6 Nxd4 20.Kc3 Nc6 21.b4 Rc8 22.Rhe1 Kf7
23.Rad1 a6 24.c5 Na7 25.Bxf5 Rhd8 26.Bg4 h5 27.Bxh5+ g6  1-0

[Event "Jajce (Women)"]
[Site "Jajce"]
[Date "1986.??.??"]
[Round "11"]
[White "Stadler, Tereza"]
[Black "Chiburdanidze, Maia"]
[Result "0-1"]
[WhiteElo "2145"]
[BlackElo "2455"]

1.Nf3 g6 2.d4 Nf6 3.c3 Bg7 4.Nbd2 d5 5.Ne5 O-O 6.e3 Nfd7 7.Nd3 e5 8.dxe5 Nxe5
9.Nxe5 Bxe5 10.Nf3 Bg7 11.Be2 c5 12.O-O Be6 13.a4 Nc6 14.Qc2 Bf5 15.Bd3 Bg4
16.Be2 Qe7 17.a5 Rfd8 18.Qa4 Bd7 19.Qc2 Rac8 20.Re1 f5 21.Bd2 Be6 22.Qa4 Bf6
23.Rac1 Qd7 24.Kh1 Ne5 25.Qxd7 Rxd7 26.Nxe5 Bxe5 27.Bb5 Rdc7 28.b3 Rd8 29.f3 Kf7
30.Re2 Re7 31.Be1 Bf6 32.Bf2 Bd7 33.Bd3 Bc6 34.e4 dxe4 35.Bc4+ Kg7 36.Bxc5 Red7
37.fxe4 Rd1+ 38.Re1 Rxe1+ 39.Rxe1 Bxc3 40.Rg1 Bxe4 41.Bxa7 Bxa5 42.Be3 Bc3
43.Rf1 Kf6 44.h4 Kg7 45.Kh2 h6 46.Be2 Be5+ 47.g3 g5 48.h5 Kf6 49.b4 Ra8 50.Bf3  0-1

[Event "Jajce (Women)"]
[Site "Jajce"]
[Date "1986.??.??"]
[Round "12"]
[White "Chiburdanidze, Maia"]
[Black "Puljek Salai, Zorica"]
[Result "1-0"]
[WhiteElo "2455"]
[BlackElo "2085"]

1.e4 e5 2.Nf3 Nc6 3.Bb5 a6 4.Ba4 Nf6 5.O-O Be7 6.Re1 b5 7.Bb3 d6 8.c3 O-O
9.h3 Re8 10.d4 h6 11.Nbd2 Bf8 12.Nf1 Bb7 13.Ng3 g6 14.a4 exd4 15.cxd4 Nb4
16.Bd2 d5 17.e5 Ne4 18.Be3 Qd7 19.Rc1 Rac8 20.axb5 axb5 21.Ne2 Nc6 22.Nf4 Nd8
23.Nh2 Kh7 24.f3 Ng3 25.Ng4 Bg7 26.Nd3 Ne6 27.Bxh6 f5 28.exf6 Bxh6 29.Nde5 Qd6
30.Nxh6 Qb4 31.Neg4 c6  1-0

[Event "Subotica m"]
[Site "Subotica"]
[Date "1986.??.??"]
[Round "2"]
[White "Popovic, Petar"]
[Black "Chiburdanidze, Maia"]
[Result "1/2-1/2"]
[WhiteElo "2545"]
[BlackElo "2455"]

1.e4 e5 2.Nf3 Nc6 3.Bb5 a6 4.Ba4 Nf6 5.O-O Be7 6.Re1 b5 7.Bb3 d6 8.c3 O-O
9.h3 Be6 10.d4 Bxb3 11.axb3 exd4 12.Nxd4 Nxd4 13.Qxd4 d5 14.exd5 Nxd5 15.Nd2 c6  1/2-1/2

[Event "Subotica m"]
[Site "Subotica"]
[Date "1986.??.??"]
[Round "3"]
[White "Chiburdanidze, Maia"]
[Black "Popovic, Petar"]
[Result "1/2-1/2"]
[WhiteElo "2455"]
[BlackElo "2545"]

1.e4 c5 2.Nf3 d6 3.d4 cxd4 4.Nxd4 Nf6 5.Nc3 Nc6 6.Bc4 e6 7.Be3 a6 8.Qe2 Qc7
9.a4 Be7 10.O-O O-O 11.Kh1 Bd7 12.f4 Rac8 13.Nxc6 Bxc6 14.Bd3 Nd7 15.Bd4 Bf6
16.Bxf6 Nxf6 17.Rae1 Rce8 18.Qf2 e5 19.f5 Qa5 20.Qf3 Qc5 21.Re2 Kh8 22.Rg1 b5
23.axb5 axb5 24.Nd1 d5 25.Nf2 Rd8 26.exd5 Rxd5 27.Ne4 Nxe4 28.Bxe4 Rd6 29.Bxc6 Rxc6
30.Rxe5  1/2-1/2

[Event "Subotica m"]
[Site "Subotica"]
[Date "1986.??.??"]
[Round "4"]
[White "Popovic, Petar"]
[Black "Chiburdanidze, Maia"]
[Result "1/2-1/2"]
[WhiteElo "2545"]
[BlackElo "2455"]

1.e4 c5 2.Nf3 d6 3.d4 cxd4 4.Nxd4 Nf6 5.Nc3 g6 6.Be3 Bg7 7.f3 Nc6 8.Qd2 O-O
9.O-O-O d5 10.exd5 Nxd5 11.Nxc6 bxc6 12.Bd4 e5 13.Bc5 Re8 14.Nxd5 cxd5 15.Qxd5 Qxd5
16.Rxd5 Be6 17.Rd6 Rec8 18.Be3 Bxa2 19.Ba6 Rcb8 20.b3 Bxb3 21.cxb3 Rxb3 22.Rd3 Rc8+
23.Bxc8 Rxd3 24.Bd2 Rd5 25.Ba6 h5 26.Rd1 Rc5+ 27.Kb1 Rc6 28.Be2 Rb6+ 29.Ka2 Bf6
30.Be3 Rb7 31.Rb1 Rd7 32.Bc4 Rc7 33.Rb8+ Kg7 34.Bb3 h4 35.Ra8 Rc3 36.Bf2 Rd3
37.Bc5 h3 38.Rxa7 hxg2 39.Rxf7+ Kh6 40.Rxf6 Rd2+ 41.Ka3 Rd4 42.Bxd4 exd4
43.Bc2 g1=Q 44.Rxg6+ Qxg6 45.Bxg6 Kxg6  1/2-1/2

[Event "Subotica m"]
[Site "Subotica"]
[Date "1986.??.??"]
[Round "5"]
[White "Chiburdanidze, Maia"]
[Black "Popovic, Petar"]
[Result "1-0"]
[WhiteElo "2455"]
[BlackElo "2545"]

1.e4 c5 2.Nf3 d6 3.d4 cxd4 4.Nxd4 Nf6 5.Nc3 Nc6 6.Bg5 e6 7.Qd2 Be7 8.O-O-O O-O
9.Nb3 a6 10.Bxf6 gxf6 11.Qh6 Kh8 12.Qh5 Qe8 13.Bd3 Ne5 14.f4 Nxd3+ 15.Rxd3 Rg8
16.Rh3 Rg7 17.Rd1 Qg8 18.Rdd3 Bd7 19.Rdg3 Rg6 20.Nd4 Rc8 21.Qe2 Qg7 22.Kb1 Rg8
23.Qh5 Rxg3 24.Rxg3 Qf8 25.Rxg8+ Qxg8 26.a3 Bd8 27.f5 Bb6 28.Nce2 Qg7 29.Qh3 e5
30.Nb3 Bc6 31.Nc3 Qg5 32.Qd3 Qxg2 33.Qxd6 Kg7 34.Nd5 Bxd5 35.exd5 Bg1 36.Qb4 Qf1+
37.Ka2 Qxf5 38.Qxb7 Qxc2 39.d6 Bd4 40.Nxd4 exd4 41.d7  1-0

[Event "Subotica m"]
[Site "Subotica"]
[Date "1986.??.??"]
[Round "6"]
[White "Popovic, Petar"]
[Black "Chiburdanidze, Maia"]
[Result "1/2-1/2"]
[WhiteElo "2545"]
[BlackElo "2455"]

1.e4 c5 2.Nf3 d6 3.d4 cxd4 4.Nxd4 Nf6 5.Nc3 g6 6.Bc4 Bg7 7.h3 O-O 8.Bb3 Nbd7
9.O-O Nc5 10.Re1 a6 11.Bg5 h6 12.Bh4 e6 13.Qf3 Qe7 14.Rad1 Re8 15.e5 dxe5
16.Rxe5 Ncd7 17.Ree1 Qf8 18.Ba4 g5 19.Bg3 Kh8 20.Nb3 Ra7 21.Bxd7 Bxd7 22.Bd6 Qg8
23.Na5 b5 24.Be5 Nh7 25.Qe3 Rea8 26.Bxg7+ Qxg7 27.Qb6 Nf6 28.Rd3 Kh7 29.a3 Nh5
30.Nb7 f5 31.g3 b4 32.axb4 Bb5 33.Nxb5 Rxb7 34.Qxe6 axb5 35.Qxf5+ Kh8 36.Rd6 Rf8
37.Qe5 Qxe5 38.Rxe5 Nf6 39.Kg2 Kg7 40.c3 Rbf7 41.Rd2 Ne8 42.f3  1/2-1/2

[Event "Subotica m"]
[Site "Subotica"]
[Date "1986.??.??"]
[Round "8"]
[White "Popovic, Petar"]
[Black "Chiburdanidze, Maia"]
[Result "1/2-1/2"]
[WhiteElo "2545"]
[BlackElo "2455"]

1.e4 c5 2.Nf3 d6 3.d4 cxd4 4.Nxd4 Nf6 5.Nc3 g6 6.Be3 Bg7 7.f3 O-O 8.Qd2 Nc6
9.O-O-O d5 10.exd5 Nxd5 11.Nxc6 bxc6 12.Bd4 e5 13.Bc5 Re8 14.Nxd5 cxd5 15.Qxd5 Qxd5
16.Rxd5 Be6 17.Rd6 Bxa2 18.b3 Rec8 19.Rd5 a5 20.Kb2 a4 21.Kxa2 axb3+ 22.Kxb3 Ra5
23.Bc4  1/2-1/2